000
00293nam a22001337a 4500
008
171003b xxu||||| |||| 00| 0 eng d
020
_a
9780890423158
041
_a
eng
080
_a
159.9
100
_a
48
101
_a
PSI
245
_a
PRACTICE GUIDELINES
_c
WOODS.SH
942
_2
udc
_c
BK
999
_c
31478
_d
31478